Central Library OPAC University of Rajshahi

Essays on agricultural geography : (Record no. 56039)

MARC details
000 -LEADER
fixed length control field 00772nam a2200241 a 4500
001 - CONTROL NUMBER
control field 56039
003 - CONTROL NUMBER IDENTIFIER
rucl marc code BD-RjUL
005 - DATE AND TIME OF LATEST TRANSACTION
control field 20211209080339.0
008 - FIXED-LENGTH DATA ELEMENTS--GENERAL INFORMATION
fixed length control field 161124s1969 ii abc b 011 0 engs
035 ## - SYSTEM CONTROL NUMBER
System control number (BD-RjUL)56163
040 ## - CATALOGING SOURCE
Original cataloging agency DLC
Transcribing agency DLC
Modifying agency BD-RjUL
Language of cataloging eng
041 ## - LANGUAGE CODE
Language code of text/sound track or separate title eng
082 ## - DEWEY DECIMAL CLASSIFICATION NUMBER
Edition number 23
Classification number 338.109
Author mark and year ESS 1969
245 00 - TITLE STATEMENT
Title Essays on agricultural geography :
Remainder of title a memorial volume to Dr. B. N. Mukherji. /
Statement of responsibility, etc. Edited [and published] by Bireswar Banerjee.
260 ## - PUBLICATION, DISTRIBUTION, ETC. (IMPRINT)
Place of publication, distribution, etc. Calcutta,
Date of publication, distribution, etc. 1969.
300 ## - PHYSICAL DESCRIPTION
Pagination xii, 287 p.
Illustrations illus., maps, port.
Size 25 cm.
350 ## - PRICE (NR) (BK AM CF MU VM SE) [OBSOLETE]
Price 40.00
-- ($6.00)
650 #0 - SUBJECT ADDED ENTRY--TOPICAL TERM
Topical term or geographic name as entry element Agricultural geography.
9 (RLIN) 166815
700 1# - ADDED ENTRY--PERSONAL NAME
Personal name Mukherji, Birendranath,
Dates associated with a name 1907-1963.
Personal name Banerjee, Bireswar,
Relator term ed.
942 ## - ADDED ENTRY ELEMENTS (KOHA)
Source of classification or shelving scheme Dewey Decimal Classification
Koha item type Books
Holdings
Lost status Source of classification or shelving scheme Damaged status Not for loan Collection code Permanent Location Current Location Shelving location Date acquired Source of acquisition Total Checkouts Full call number Date last seen Copy number Koha item type Cost, normal purchase price
  Dewey Decimal Classification     Non-fiction Central Library, University of Rajshahi Central Library, University of Rajshahi   07/09/1973 Kamala Book, Calocutta   338.109 ESS 1969 24/11/2016 C-2 Books  
  Dewey Decimal Classification   Not For Loan Non-fiction Central Library, University of Rajshahi Central Library, University of Rajshahi Reading Room 15/05/1973 F.K.L. Mukkhapadday   338.109 ESS 1969 04/05/2017 C-1 Books 40.00